| 000 | 00821nam a22002177a 4500 | ||
|---|---|---|---|
| 999 |
_c7582 _d7582 |
||
| 003 | AR-CdUCM | ||
| 008 | 190320b ||||| |||| 00| 0 spa d | ||
| 040 |
_aMUNICIPALIDAD PROVINCIAL DEL CUSCO _cBIBLIOTECA MUNICIPAL DEL CUSCO |
||
| 082 |
_a869.56 / _bT227 |
||
| 100 |
_aTauro, Alberto _911692 |
||
| 245 | _aViajeros en el Perú republicano / | ||
| 260 |
_aLima : _bUniversidad nacional de San Marcos, _c1967 |
||
| 300 |
_a153 páginas ; _bImagenes, _c20 cm. |
||
| 440 |
_aComentarios del Perú _n6 _921413 |
||
| 505 | _aContenido: Bosquejo del Perú (1825-1827) -- La república Perú-Boliviana (1837) -- Lima en 1850 -- Perú en 1852 -- Nuestro artista en el Perú. | ||
| 650 |
_aHistoria peruana _91316 |
||
| 650 |
_aRepública _9831 |
||
| 650 |
_aViajemos estrangeros _921414 |
||
| 942 |
_2ddc _cLIBROS |
||
| 945 | _adavv | ||